MARC details
| 000 -CABECERA |
| campo de control de longitud fija |
03136nam a2200361 a 4500 |
| 003 - IDENTIFICADOR DEL NÚMERO DE CONTROL |
| campo de control |
CHAP |
| 005 - FECHA Y HORA DE LA ÚLTIMA TRANSACCIÓN |
| campo de control |
20250604135207.0 |
| 007 - CAMPO FIJO DE DESCRIPCIÓN FÍSICA--INFORMACIÓN GENERAL |
| campo de control de longitud fija |
ta |
| 008 - DATOS DE LONGITUD FIJA--INFORMACIÓN GENERAL |
| campo de control de longitud fija |
250127s2024 mx ad||fom||| 001 0 spa d |
| 040 ## - FUENTE DE LA CATALOGACIÓN |
| Normas de descripción |
rda |
| 041 ## - CÓDIGO DE LENGUA |
| Código de lengua del texto/banda sonora o título independiente |
spa |
| Código de lengua del sumario o resumen |
eng |
| 100 1# - ENTRADA PRINCIPAL--NOMBRE DE PERSONA |
| Nombre de persona |
Campos Hernández, Zaira Zaylani |
| 9 (RLIN) |
189929 |
| 245 1# - MENCIÓN DE TÍTULO |
| Título |
Plan de mejora propuesto para la cartera vencida en la caja popular tamazula / |
| Mención de responsabilidad, etc. |
Zaira Zaylani Campos Hernández |
| 264 ## - PRODUCCIÓN, PUBLICACIÓN, DISTRIBUCIÓN, FABRICACIÓN Y COPYRIGHT |
| Producción, publicación, distribución, fabricación y copyright |
Chapingo, México : |
| Nombre del de productor, editor, distribuidor, fabricante |
El autor, |
| Fecha de producción, publicación, distribución, fabricación o copyright |
2024 |
| 300 ## - DESCRIPCIÓN FÍSICA |
| Extensión |
1 recurso en línea ( 86 páginas) : |
| Otras características físicas |
ilustraciones, tablas, diagramas, gráficas |
| 336 ## - TIPO DE CONTENIDO |
| Fuente |
rdacontent |
| Término de tipo de contenido |
texto |
| Código de tipo de contenido |
txt |
| 337 ## - TIPO DE MEDIO |
| Fuente |
rdamedia |
| Nombre/término del tipo de medio |
computadora |
| Código del tipo de medio |
c |
| 338 ## - TIPO DE SOPORTE |
| Fuente |
rdacarrier |
| Nombre/término del tipo de soporte |
recurso en línea |
| Código del tipo de soporte |
cr |
| 502 ## - NOTA DE TESIS |
| Nota de tesis |
Informe de Estancia Preprofesional |
| Tipo de título |
(Ingeniero Agroindustrial) -- |
| Nombre de la institución que otorga el título |
Departamento de Ingeniería Agroindustrial, |
| Año de obtención del título |
2024 |
| Información miscelánea |
Licenciatura |
| 504 ## - NOTA DE BIBLIOGRAFÍA, ETC. |
| Nota de bibliografía, etc. |
Incluye bibliografías |
| 520 3# - SUMARIO, ETC. |
| Sumario, etc. |
En este informe de estancia, se proporciona una descripción general de los procesos y se ofrecen recomendaciones para abordar el tema de la cartera vencida en la Caja Popular Tamazula. También se presenta un plan de mejora para enfrentar este desafío financiero. <br/>La necesidad de este trabajo surgió de la alta morosidad que afectó a la Caja Popular Tamazula, especialmente en el departamento de crédito agrícola, donde el índice de morosidad alcanzó el 38.57 %, situación que impactó negativamente en los estados financieros de la institución y limitó su capacidad para otorgar nuevos créditos, amenazando su permanencia. <br/>Para asegurar la fiabilidad de los resultados y basar las decisiones en evidencias, este trabajo fue estructurado en una metodología respaldada por el método científico. Se utilizó una muestra representativa con el 97 % de confianza y el 3 % de margen de error, para la investigación de gabinete se hizo el análisis exhaustivo de los expedientes de los créditos en cartera vencida, se consideraron los indicadores clave obtenidos y revisados con preguntas divididas en seis categorías para facilitar su análisis. Como parte de la investigación, se realizó una encuesta a los socios morosos para conocer la opinión y los supuestos por qué no habían pagado su crédito. <br/>Con base en los resultados obtenidos y analizados mediante diagramas de Pareto, se diseñó un plan de acción para mejorar las políticas de la caja, con el propósito de reducir la cartera vencida. Además, se estructuró una herramienta que puede apoyar para valorar la eficacia y eficiencia de las propuestas implementadas. |
| 650 13 - PUNTO DE ACCESO ADICIONAL DE MATERIA--TÉRMINO DE MATERIA |
| Término de materia o nombre geográfico como elemento de entrada |
Crédito agrícola |
| Fuente del encabezamiento o término |
atg |
| 9 (RLIN) |
29022 |
| 650 13 - PUNTO DE ACCESO ADICIONAL DE MATERIA--TÉRMINO DE MATERIA |
| Término de materia o nombre geográfico como elemento de entrada |
Administradora del Crédito Agrícola |
| Fuente del encabezamiento o término |
atg |
| 9 (RLIN) |
189930 |
| 650 13 - PUNTO DE ACCESO ADICIONAL DE MATERIA--TÉRMINO DE MATERIA |
| Término de materia o nombre geográfico como elemento de entrada |
Financiación agrícola |
| Fuente del encabezamiento o término |
atg |
| 9 (RLIN) |
147481 |
| 650 13 - PUNTO DE ACCESO ADICIONAL DE MATERIA--TÉRMINO DE MATERIA |
| Término de materia o nombre geográfico como elemento de entrada |
Agricultural credit |
| Fuente del encabezamiento o término |
atg |
| 9 (RLIN) |
147582 |
| 650 13 - PUNTO DE ACCESO ADICIONAL DE MATERIA--TÉRMINO DE MATERIA |
| Término de materia o nombre geográfico como elemento de entrada |
Farm Credit Administration |
| Fuente del encabezamiento o término |
atg |
| 9 (RLIN) |
189931 |
| 650 13 - PUNTO DE ACCESO ADICIONAL DE MATERIA--TÉRMINO DE MATERIA |
| Término de materia o nombre geográfico como elemento de entrada |
Agricultural finance |
| Fuente del encabezamiento o término |
atg |
| 9 (RLIN) |
147479 |
| 700 1# - PUNTO DE ACCESO ADICIONAL--NOMBRE DE PERSONA |
| Nombre de persona |
López Bautista, Vicente |
| 9 (RLIN) |
147030 |
| Término indicativo de función/relación |
director |
| 700 1# - PUNTO DE ACCESO ADICIONAL--NOMBRE DE PERSONA |
| Nombre de persona |
Espejel García, Anastacio |
| 9 (RLIN) |
147446 |
| Término indicativo de función/relación |
asesor |
| 700 1# - PUNTO DE ACCESO ADICIONAL--NOMBRE DE PERSONA |
| Nombre de persona |
Toriz Robles, Nancy |
| 9 (RLIN) |
113948 |
| Término indicativo de función/relación |
asesora |
| 856 ## - LOCALIZACIÓN Y ACCESO ELECTRÓNICOS |
| Texto de enlace |
DESCARGAR PDF |
| Identificador Uniforme del Recurso |
http://10.13.5.2/tesis/tl/1510316-5_CAMPOS_HERNANDEZ_ZAIRA_ZAYLANI.pdf |
| 942 ## - ELEMENTOS DE PUNTO DE ACCESO ADICIONAL (KOHA) |
| Fuente del sistema de clasificación o colocación |
Clasificación Universidad Autónoma Chapingo |
| Tipo de ítem Koha |
Tesis digital |